Renæssancens befæstede byer /
| Otros Autores: | |
|---|---|
| Formato: | Electrónico eBook |
| Idioma: | Danés Norwegian Swedish |
| Publicado: |
Aarhus :
Dansk Center for Byhistorie,
[2011]
|
| Colección: | Book collections on Project MUSE.
|
| Temas: | |
| Acceso en línea: | Texto completo |
MARC
| LEADER | 00000cam a22000004a 4500 | ||
|---|---|---|---|
| 001 | musev2_110565 | ||
| 003 | MdBmJHUP | ||
| 005 | 20230905054456.0 | ||
| 006 | m o d | ||
| 007 | cr||||||||nn|n | ||
| 008 | 121011s2011 dk o 00 0 dan d | ||
| 020 | |a 9788771242669 | ||
| 020 | |z 9788779345270 | ||
| 035 | |a (OCoLC)815472277 | ||
| 040 | |a MdBmJHUP |c MdBmJHUP | ||
| 041 | 0 | |a dan |a nor |a swe |b eng | |
| 245 | 0 | 0 | |a Renæssancens befæstede byer / |c redigeret af Soren Bitsch Christensen. |
| 264 | 1 | |a Aarhus : |b Dansk Center for Byhistorie, |c [2011] | |
| 264 | 3 | |a Baltimore, Md. : |b Project MUSE, |c 2023 | |
| 264 | 4 | |c ©[2011] | |
| 300 | |a 1 online resource (406 pages): |b illustrations (some color), maps. | ||
| 336 | |a text |b txt |2 rdacontent | ||
| 337 | |a computer |b c |2 rdamedia | ||
| 338 | |a online resource |b cr |2 rdacarrier | ||
| 490 | 0 | |a Danske bystudier ; |v 5 | |
| 588 | |a Description based on print version record. | ||
| 650 | 7 | |a Military architecture. |2 fast |0 (OCoLC)fst01020865 | |
| 650 | 7 | |a Fortification. |2 fast |0 (OCoLC)fst00933024 | |
| 650 | 7 | |a Cities and towns. |2 fast |0 (OCoLC)fst00861748 | |
| 650 | 7 | |a TECHNOLOGY & ENGINEERING / Military Science. |2 bisacsh | |
| 650 | 7 | |a HISTORY / Military / Other. |2 bisacsh | |
| 650 | 6 | |a Villes |z Danemark. | |
| 650 | 6 | |a Architecture militaire |z Danemark. | |
| 650 | 0 | |a Cities and towns |z Denmark. | |
| 650 | 0 | |a Military architecture |z Denmark. | |
| 650 | 0 | |a Fortification |z Denmark. | |
| 651 | 7 | |a Denmark. |2 fast |0 (OCoLC)fst01204558 | |
| 655 | 7 | |a Electronic books. |2 local | |
| 700 | 1 | |a Bitsch Christensen, Soren, |d 1969- |e editor. | |
| 710 | 2 | |a Project Muse. |e distributor | |
| 830 | 0 | |a Book collections on Project MUSE. | |
| 856 | 4 | 0 | |z Texto completo |u https://projectmuse.uam.elogim.com/book/110565/ |
| 945 | |a Project MUSE - Custom Collection | ||
| 945 | |a Project MUSE - 2023 Annual Backfile - Unpurchased | ||


